indovina la città dalla foto - Statistics

Statistiche generali
  • Questo quiz è stato fatto 61 volte
  • Il punteggio medio è 32 su 88
Statistiche sulle risposte
con Immagini Risposta % Corretto
LONDRA
96%
MILANO
96%
CITTÀ DEL VATICANO
93%
ATENE
87%
FIRENZE
87%
DUBAI
83%
NEW YORK
81%
PARIGI
78%
VENEZIA
78%
IL CAIRO
76%
BARCELLONA
72%
SAN FRANCISCO
67%
PISA
65%
ROMA
63%
RIO DE JANEIRO
61%
SYDNEY
61%
BOLOGNA
59%
MADRID
59%
TOKYO
59%
PECHINO
56%
LISBONA
54%
NAPOLI
54%
AMSTERDAM
50%
L'AVANA
50%
LOS ANGELES
50%
MOSCA
50%
GERUSALEMME
48%
MANCHESTER
48%
SAN MARINO
48%
LIVERPOOL
46%
VALENCIA
46%
COPENAGHEN
44%
SIENA
43%
LAS VEGAS
41%
SINGAPORE
41%
WASHINGTON
41%
SHANGHAI
39%
SEATTLE
37%
KUALA LUMPUR
35%
VIENNA
35%
AGRA
33%
BUDAPEST
33%
PRAGA
33%
SIVIGLIA
33%
BUCAREST
30%
SOFIA
30%
STOCCOLMA
30%
DOHA
28%
TORONTO
28%
BANGKOK
26%
OSAKA
26%
PYONGYANG
26%
REYKJAVIK
26%
HELSINKI
24%
TAIPEI
24%
BERLINO
22%
CHICAGO
22%
BRUXELLES
20%
NIZZA
20%
CITTA DEL CAPO
19%
MARRAKECH
19%
SAMARCANDA
19%
HONG KONG
17%
ISTANBUL
15%
MIAMI
15%
VARSAVIA
15%
BRATISLAVA
13%
BUENOS AIRES
13%
CRACOVIA
13%
KIEV
13%
MONACO DI BAVIERA
11%
PORTO
11%
EDINBURGO
9%
LUBIANA
9%
MARSIGLIA
9%
OSLO
9%
MONACO
7%
RIYAD
7%
SKOPJE
7%
KATHMANDU
6%
MUMBAI
6%
RIGA
6%
BAKU
4%
MACAO
4%
TALLIN
4%
ASTANA
2%
CITTA DEL MESSICO
2%
SEOUL
2%
Nessun quiz corrispondente trovato
Distribuzione punteggi
Percentuale di utenti per punteggio
Percentile per numero di risposta
I tuoi punteggi nel tempo
Non hai fatto questo quiz